000
00293nam a22001337a 4500
008
170511b xxu||||| |||| 00| 0 eng d
020
_a
9780735577176
041
_a
eng
080
_2
3RD
_a
34
100
_a
15
101
_a
SHJ
245
_a
CONSTITUTIONAL LAW
_c
CHEMERINSKY
942
_2
udc
_c
BK
999
_c
13173
_d
13173